[Event "PRO League Group Stage"]
[Site "chess.com INT"]
[Date "2018.01.25"]
[Round "2"]
[White "Lagarde, Maxime"]
[Black "Bacrot, Etienne"]
[Result "1/2-1/2"]
[WhiteTitle "GM"]
[BlackTitle "GM"]
[WhiteElo "2586"]
[BlackElo "2722"]
[WhiteTeam "Cannes Blockbusters"]
[BlackTeam "Marseille Migraines"]
[WhiteFideId "662399"]
[BlackFideId "605506"]
[EventDate "2018.01.18"]

1. c4 Nf6 2. Nc3 e5 3. Nf3 Nc6 4. d3 g6 5. g3 Bg7 6. Bg2 O-O 7. O-O d6 8. Rb1 a5
9. a3 Re8 10. Ne1 Nd4 11. e3 Ne6 12. b4 axb4 13. axb4 h5 14. h4 c6 15. b5 d5 16.
bxc6 bxc6 17. cxd5 cxd5 18. Nf3 Ba6 19. Nxe5 Qc7 20. Bb2 Rab8 21. Qa4 Rxb2 22.
Nxd5 Qxe5 23. Nxf6+ Bxf6 24. Qxe8+ Kg7 25. d4 Nxd4 26. Qxe5 Ne2+ 27. Kh2 Bxe5
28. Rxb2 Bxb2 29. Rb1 Bf6 30. Rb6 Bc8 31. Bd5 Nc3 32. Bb3 Ne4 33. Rc6 Bd7 34.
Rc7 Be8 35. Kg2 Kf8 36. Bc2 Nc3 37. e4 Nb5 38. Rc5 Nd4 39. Bd3 Bd7 40. f3 Ne6
41. Ra5 Ke7 42. Bc4 Bd4 43. Ra2 Bc5 44. Bd5 Nd4 45. Ra8 Nc2 46. Kh2 Ne3 47. Bb3
f5 48. e5 Bd4 49. f4 Ng4+ 50. Kh3 Nf2+ 51. Kh2 Ng4+ 52. Kh3 Bb5 53. Bd5 Bf1+ 54.
Bg2 Nf2+ 55. Kh2 Ng4+ 56. Kh3 Nf2+ 57. Kh2 Ng4+ 58. Kh3 Nf2+ 59. Kh2 Ng4+ 60.
Kh3 Nf2+ 1/2-1/2

[Event "PRO League Group Stage"]
[Site "chess.com INT"]
[Date "2018.01.25"]
[Round "2"]
[White "Lagarde, Maxime"]
[Black "Gozzoli, Yannick"]
[Result "1/2-1/2"]
[WhiteTitle "GM"]
[BlackTitle "GM"]
[WhiteElo "2586"]
[BlackElo "2565"]
[WhiteTeam "Cannes Blockbusters"]
[BlackTeam "Marseille Migraines"]
[WhiteFideId "662399"]
[BlackFideId "616915"]
[EventDate "2018.01.18"]

1. e4 e5 2. Nf3 Nc6 3. Bb5 a6 4. Ba4 Nf6 5. O-O Be7 6. d3 d6 7. c3 O-O 8. Nbd2
Re8 9. Re1 b5 10. Bb3 Na5 11. Bc2 c5 12. Nf1 Nc6 13. Ng3 Bf8 14. h3 h6 15. d4
cxd4 16. cxd4 Nxd4 17. Nxd4 exd4 18. Qxd4 Be6 19. Bf4 Rc8 20. Bb3 Nd7 21. Bxe6
Rxe6 22. Rad1 Qb6 23. Qd2 Nf6 24. Re2 Rce8 25. Rde1 Qc6 26. Qd3 Qc4 27. Qb1 d5
28. b3 Qb4 29. Bd2 Qd6 30. Bc3 Nxe4 31. Nxe4 dxe4 32. Rxe4 1/2-1/2

[Event "PRO League Group Stage"]
[Site "chess.com INT"]
[Date "2018.01.25"]
[Round "2"]
[White "Fontaine, Robert"]
[Black "Maurizzi, Marc Andria"]
[Result "1-0"]
[WhiteTitle "GM"]
[BlackTitle "CM"]
[WhiteElo "2563"]
[BlackElo "2018"]
[WhiteTeam "Cannes Blockbusters"]
[BlackTeam "Marseille Migraines"]
[WhiteFideId "605590"]
[BlackFideId "36083534"]
[EventDate "2018.01.18"]

1. e4 c5 2. Nf3 Nc6 3. Bb5 g6 4. O-O Bg7 5. Re1 Nf6 6. e5 Nd5 7. Nc3 Nc7 8. Bxc6
dxc6 9. d3 O-O 10. h3 Ne6 11. b3 Nd4 12. Bf4 h6 13. Ne4 b6 14. Bh2 Be6 15. a4
Qc7 16. Nxd4 cxd4 17. Qd2 Kh7 18. Nf6+ Kh8 19. Ng4 Kh7 20. Bf4 Bxg4 21. hxg4 Qd7
22. f3 f5 23. exf6 exf6 24. Re2 Rae8 25. Rae1 c5 26. Bg3 Qf7 27. Bd6 Rg8 28. Re7
Rxe7 29. Rxe7 Qd5 30. Bf4 g5 31. Bg3 Rf8 32. Qe2 Rf7 33. Re6 Rd7 34. Re8 Qf7 35.
Qe4+ Qg6 36. Qe6 Qf7 37. Qf5+ 1-0

[Event "PRO League Group Stage"]
[Site "chess.com INT"]
[Date "2018.01.25"]
[Round "2"]
[White "Fontaine, Robert"]
[Black "Maze, Sebastien"]
[Result "1/2-1/2"]
[WhiteTitle "GM"]
[BlackTitle "GM"]
[WhiteElo "2563"]
[BlackElo "2620"]
[WhiteTeam "Cannes Blockbusters"]
[BlackTeam "Marseille Migraines"]
[WhiteFideId "605590"]
[BlackFideId "613762"]
[EventDate "2018.01.18"]

1. d4 Nf6 2. Nf3 g6 3. Bf4 d6 4. e3 Bg7 5. h3 O-O 6. c3 c5 7. Nbd2 b6 8. Bd3 Bb7
9. Qe2 a6 10. O-O Nc6 11. Bh2 Re8 12. Rfd1 b5 13. dxc5 dxc5 14. c4 b4 15. Nb3
Qb6 16. a4 a5 17. Ne5 Nxe5 18. Bxe5 Qc6 19. f3 Qb6 20. Bc2 Red8 21. Rxd8+ Rxd8
22. Rd1 Rxd1+ 23. Qxd1 Bc6 24. Nc1 Nd7 25. Bxg7 Kxg7 26. Be4 Ne5 27. Bxc6 Qxc6
28. b3 Qe6 29. Qd2 f6 30. Kf2 Qf5 31. e4 Qh5 32. Ne2 Qh4+ 33. Kf1 Nxf3 34. gxf3
Qxh3+ 35. Kf2 Qh2+ 36. Ke3 Qh6+ 37. Kd3 Qh1 38. Kc2 Qxf3 39. Qd3 Qg2 40. Kd2 h5
41. Qd5 h4 42. Qe6 Kf8 43. Ke3 h3 44. Qc8+ Kf7 45. Qh8 Qg5+ 46. Kf3 Qg2+ 47. Ke3
Qg5+ 48. Kf3 Qg2+ 49. Ke3 Qg5+ 50. Kf3 1/2-1/2

[Event "PRO League Group Stage"]
[Site "chess.com INT"]
[Date "2018.01.25"]
[Round "2"]
[White "Patel, Advait"]
[Black "Iturrizaga Bonelli, Eduardo"]
[Result "0-1"]
[WhiteTitle "IM"]
[BlackTitle "GM"]
[WhiteElo "2478"]
[BlackElo "2650"]
[WhiteTeam "Montclair Sopranos"]
[BlackTeam "Miami Champions"]
[WhiteFideId "2075105"]
[BlackFideId "3901211"]
[EventDate "2018.01.18"]

1. e4 c5 2. Nf3 g6 3. d4 cxd4 4. Nxd4 Nc6 5. c4 Nf6 6. Nc3 d6 7. Be2 Bg7 8. Be3
Bd7 9. O-O O-O 10. Qd2 Nxd4 11. Bxd4 Bc6 12. f3 a5 13. b3 Nd7 14. Bf2 Nc5 15.
Rac1 Be5 16. Rfd1 e6 17. Bd4 Qb6 18. Kh1 a4 19. Rb1 axb3 20. Bxe5 dxe5 21. axb3
Rfd8 22. Qg5 Rxd1+ 23. Rxd1 Nd7 24. Nb5 Qf2 25. Qd2 Bxb5 26. cxb5 Nc5 27. Rb1
Nxb3 28. Qd3 Ra2 29. Qd8+ Kg7 30. Qc7 Qd4 31. Bf1 Nd2 32. Rc1 Nxf3 33. gxf3 Qb2
34. Be2 Kh6 35. Re1 Qd2 36. Qc1 Qxc1 37. Rxc1 Rxe2 38. Rc7 f5 39. Rxb7 Kg5 40.
Re7 Kf4 41. Rxe6 Kxf3 42. h3 Kg3 0-1

[Event "PRO League Group Stage"]
[Site "chess.com INT"]
[Date "2018.01.25"]
[Round "2"]
[White "Patel, Advait"]
[Black "Becerra Rivero, Julio"]
[Result "1-0"]
[WhiteTitle "IM"]
[BlackTitle "GM"]
[WhiteElo "2478"]
[BlackElo "2531"]
[WhiteTeam "Montclair Sopranos"]
[BlackTeam "Miami Champions"]
[WhiteFideId "2075105"]
[BlackFideId "3501728"]
[EventDate "2018.01.18"]

1. e4 e5 2. Nf3 Nc6 3. Bb5 a6 4. Ba4 Nf6 5. O-O Nxe4 6. d4 b5 7. Bb3 d5 8. dxe5
Be6 9. c3 Be7 10. Bc2 O-O 11. Nbd2 f5 12. Nb3 Qd7 13. Nfd4 Nxe5 14. f3 c5 15.
Nxe6 Qxe6 16. fxe4 fxe4 17. Be3 Rxf1+ 18. Qxf1 Ng4 19. Qe2 1-0

[Event "PRO League Group Stage"]
[Site "chess.com INT"]
[Date "2018.01.25"]
[Round "2"]
[White "Sadorra, Julio Catalino"]
[Black "Dragun, Kamil"]
[Result "1/2-1/2"]
[WhiteTitle "GM"]
[BlackTitle "GM"]
[WhiteElo "2539"]
[BlackElo "2610"]
[WhiteTeam "Dallas Destiny"]
[BlackTeam "Rio Grande Ospreys"]
[WhiteFideId "5201268"]
[BlackFideId "1134167"]
[EventDate "2018.01.18"]

1. d4 Nf6 2. c4 e6 3. Nc3 Bb4 4. g3 O-O 5. Bg2 d5 6. a3 Be7 7. Nf3 dxc4 8. Ne5
Nc6 9. Bxc6 bxc6 10. Nxc6 Qe8 11. Nxe7+ Qxe7 12. Qa4 Bb7 13. O-O c5 14. Qxc4
cxd4 15. Qxd4 Rfd8 16. Qb4 Qxb4 17. axb4 Nd5 18. Nxd5 Bxd5 19. Be3 a6 20. Rfc1
Rdb8 21. Bf4 Rd8 22. f3 f6 23. e4 e5 24. Be3 Bf7 25. Rd1 Bc4 26. Kf2 Bb5 27. Bb6
Rxd1 28. Rxd1 Kf7 29. Rc1 Re8 30. Ke3 Re7 31. Rc8 Rd7 32. f4 Rd3+ 33. Kf2 Rd2+
34. Kf3 Rd3+ 35. Kf2 Rd2+ 36. Kf3 Rd3+ 37. Be3 exf4 38. gxf4 g6 39. Rc7+ Rd7 40.
Rxd7+ Bxd7 41. Bd4 f5 42. e5 Ke6 1/2-1/2

[Event "PRO League Group Stage"]
[Site "chess.com INT"]
[Date "2018.01.25"]
[Round "2"]
[White "Sadorra, Julio Catalino"]
[Black "Vazquez, Guillermo"]
[Result "1-0"]
[WhiteTitle "GM"]
[BlackTitle "IM"]
[WhiteElo "2539"]
[BlackElo "2436"]
[WhiteTeam "Dallas Destiny"]
[BlackTeam "Rio Grande Ospreys"]
[WhiteFideId "5201268"]
[BlackFideId "3702308"]
[EventDate "2018.01.18"]

1. d4 Nf6 2. c4 e6 3. Nc3 Bb4 4. g3 O-O 5. Bg2 c5 6. Nf3 cxd4 7. Nxd4 d5 8. Nc2
Bxc3+ 9. bxc3 Qc7 10. cxd5 Nxd5 11. Nb4 Nxb4 12. cxb4 Rd8 13. Qb3 Nc6 14. O-O
Nd4 15. Qb2 e5 16. Be3 Bg4 17. f3 Be6 18. Rad1 Qc4 19. Rd2 Rac8 20. f4 Bd5 21.
Bh3 Be6 22. f5 Bd7 23. Bxd4 Bc6 24. Rc1 Qd5 25. e4 1-0

[Event "PRO League Group Stage"]
[Site "chess.com INT"]
[Date "2018.01.25"]
[Round "2"]
[White "Grover, Sahaj"]
[Black "Mihajlov, Sebastian"]
[Result "1-0"]
[WhiteTitle "GM"]
[BlackTitle "IM"]
[WhiteElo "2484"]
[BlackElo "2371"]
[WhiteTeam "Delhi Dynamite"]
[BlackTeam "Oslo Trolls"]
[WhiteFideId "5021103"]
[BlackFideId "1512110"]
[EventDate "2018.01.18"]

1. e4 e6 2. d4 d5 3. Nc3 Nf6 4. e5 Nfd7 5. f4 c5 6. Nf3 Nc6 7. Be3 a6 8. Qd2 b5
9. dxc5 Bxc5 10. Bd3 Qb6 11. Bf2 Bb7 12. O-O Bxf2+ 13. Qxf2 Qxf2+ 14. Kxf2 O-O
15. g3 Nc5 16. Ke3 b4 17. Ne2 a5 18. Nfd4 Nxd4 19. Nxd4 Ba6 20. a3 g6 21. axb4
axb4 22. Bxa6 Rxa6 23. Rxa6 Nxa6 24. Ra1 Nc5 25. Ra5 Ne4 26. Ra4 Rb8 27. Nc6 Rb6
28. Nxb4 Kg7 29. Nd3 h5 30. c4 dxc4 31. Rxc4 f5 32. exf6+ Nxf6 33. h3 Nd5+ 34.
Kd4 Ne7 35. Rc7 Kf6 36. g4 hxg4 37. hxg4 Nd5 38. Rh7 Nxf4 39. Nxf4 e5+ 40. Kc5
Rxb2 41. Nh3 Rd2 42. Ra7 e4 43. Ra6+ Ke5 44. Rxg6 Rc2+ 45. Kb4 e3 46. Rg8 Rh2
47. Re8+ Kd4 48. Ng5 Rf2 49. Rd8+ Ke5 50. Re8+ Kd4 51. Ne6+ Kd3 52. Nc5+ Kd4 53.
Rd8+ 1-0

[Event "PRO League Group Stage"]
[Site "chess.com INT"]
[Date "2018.01.25"]
[Round "2"]
[White "Grover, Sahaj"]
[Black "Haug, Johannes"]
[Result "0-1"]
[WhiteTitle "GM"]
[BlackTitle "FM"]
[WhiteElo "2484"]
[BlackElo "2357"]
[WhiteTeam "Delhi Dynamite"]
[BlackTeam "Oslo Trolls"]
[WhiteFideId "5021103"]
[BlackFideId "1509268"]
[EventDate "2018.01.18"]

1. e4 e6 2. d4 d5 3. Nc3 Bb4 4. exd5 exd5 5. Bd3 Nc6 6. Nf3 Bg4 7. O-O Bxc3 8.
bxc3 Nge7 9. Rb1 b6 10. Re1 Qd7 11. Bb5 O-O-O 12. h3 Bxf3 13. Qxf3 Kb7 14. Ba3
Nc8 15. Re3 f6 16. Rbe1 a6 17. Bd3 g6 18. Qxf6 Na5 19. Qf3 Qa4 20. Be7 Rd7 21.
Bf8 Rd8 22. Bg7 Rhg8 23. Bf6 Rd7 24. Re8 Rxe8 25. Rxe8 Qxa2 26. Be5 Qa1+ 27. Kh2
b5 28. Qg4 Nb6 29. Qe6 Qxc3 30. Be2 Qxc2 31. Bf3 Qc6 32. Qg8 b4 33. Bg4 b3 34.
Rb8+ Ka7 35. Qe8 Rd6 36. Bxd6 Qxd6+ 37. g3 b2 38. Rd8 Qc6 39. Qe1 Qc1 0-1

[Event "PRO League Group Stage"]
[Site "chess.com INT"]
[Date "2018.01.25"]
[Round "2"]
[White "Mareco, Sandro"]
[Black "Flores Rios, Mauricio"]
[Result "1/2-1/2"]
[WhiteTitle "GM"]
[BlackTitle "GM"]
[WhiteElo "2632"]
[BlackElo "2529"]
[WhiteTeam "Buenos Aires Krakens"]
[BlackTeam "Minnesota Blizzard"]
[WhiteFideId "112275"]
[BlackFideId "3408027"]
[EventDate "2018.01.18"]

1. c4 g6 2. g3 Bg7 3. Bg2 c5 4. e3 Nc6 5. Nc3 e6 6. Nge2 Nge7 7. O-O O-O 8. b3
d5 9. Bb2 dxc4 10. bxc4 b6 11. Qb1 Bb7 12. Rd1 Qc8 13. Ne4 e5 14. Nd6 Qc7 15.
Nxb7 Qxb7 16. Nc3 Rad8 17. d3 Qd7 18. a3 h5 19. h4 Kh8 20. Qc2 f5 21. Qe2 Rf7
22. Rd2 Rdf8 23. Nd5 Nxd5 24. Bxd5 Re7 25. Re1 Bf6 26. Qf3 Nd8 27. Kg2 Ne6 28.
Bc3 Nc7 29. Bb7 Qe6 30. Qc6 Rd8 31. e4 f4 32. Qxe6 Nxe6 33. Bd5 Nd4 34. a4 f3+
35. Kf1 Ne2 36. Rdxe2 fxe2+ 37. Kxe2 Kg7 1/2-1/2

[Event "PRO League Group Stage"]
[Site "chess.com INT"]
[Date "2018.01.25"]
[Round "2"]
[White "Mareco, Sandro"]
[Black "Gurevich, Daniel"]
[Result "1/2-1/2"]
[WhiteTitle "GM"]
[BlackTitle "IM"]
[WhiteElo "2632"]
[BlackElo "2483"]
[WhiteTeam "Buenos Aires Krakens"]
[BlackTeam "Minnesota Blizzard"]
[WhiteFideId "112275"]
[BlackFideId "2044676"]
[EventDate "2018.01.18"]

1. Nf3 d5 2. c4 dxc4 3. e3 Nf6 4. Bxc4 e6 5. d4 c5 6. O-O Nc6 7. Qe2 a6 8. Rd1
b5 9. dxc5 Qc7 10. Bd3 Bxc5 11. a4 bxa4 12. Rxa4 O-O 13. Nc3 Nb4 14. Ne4 Nxe4
15. Bxe4 Bd7 16. Ra3 Bb5 17. Qe1 Rad8 18. Bd2 Qe7 19. Rc1 Nd5 20. Raa1 Nf6 21.
Bc2 h6 22. h3 Rb8 23. Bc3 Nd5 24. Bd4 Bb4 25. Qd1 Rfd8 26. Bb3 a5 27. Ne5 Qb7
28. Nd3 Bxd3 29. Qxd3 Be7 30. Bc4 Bf6 31. Rxa5 Nf4 32. Qf1 Bxd4 33. exd4 Qxb2
34. Ra2 Qxd4 35. g3 Ng6 36. Rac2 Rbc8 37. Be2 Rxc2 38. Rxc2 Ne5 39. Qg2 Qa1+ 40.
Kh2 Qa7 41. f4 Ng6 42. h4 Qd7 43. Qe4 Ne7 44. h5 Nd5 45. Qe5 Nf6 46. Bf3 Qa7 47.
Kg2 Qa3 48. Re2 Qd3 49. Qc7 Qd4 50. Qa5 Rb8 51. Rd2 Qb4 52. Rd8+ Kh7 53. Qxb4
Rxb4 54. Rf8 Rb2+ 55. Kf1 Rb3 56. Kg2 Rb2+ 57. Kf1 Rb3 58. Kg2 Rb2+ 1/2-1/2

[Event "PRO League Group Stage"]
[Site "chess.com INT"]
[Date "2018.01.25"]
[Round "2"]
[White "Olafsson, Helgi"]
[Black "Roberson, Peter T"]
[Result "1-0"]
[WhiteTitle "GM"]
[BlackTitle "IM"]
[WhiteElo "2508"]
[BlackElo "2412"]
[WhiteTeam "Reykjavik Puffins"]
[BlackTeam "London Towers"]
[WhiteFideId "2300010"]
[BlackFideId "412384"]
[EventDate "2018.01.18"]

1. Nf3 c5 2. g3 Nc6 3. Bg2 g6 4. c3 Bg7 5. d4 cxd4 6. cxd4 d5 7. Nc3 e6 8. O-O
Nge7 9. b3 O-O 10. Ba3 b6 11. e4 Re8 12. e5 a5 13. Re1 Ba6 14. Bf1 Bxf1 15. Kxf1
Nf5 16. Kg2 f6 17. exf6 Qxf6 18. Nb5 Rad8 19. Rc1 Nfxd4 20. Nfxd4 Nxd4 21. Nc7
Rf8 22. Bxf8 Rxf8 23. f4 g5 24. Nxe6 gxf4 25. Qxd4 Qxd4 26. Nxd4 Bxd4 27. Rf1
Be3 28. Rc7 d4 29. Rd7 Rc8 30. gxf4 Rc2+ 31. Kh3 Rxa2 32. f5 Rb2 33. f6 Bh6 34.
Rf3 Kf8 35. Rxh7 Bg5 36. f7 Be7 37. Rh8+ Kg7 38. Rg8+ Kh7 39. f8=Q Bxf8 40.
Rgxf8 b5 41. R8f6 a4 42. bxa4 bxa4 43. Ra6 Ra2 44. Rf7+ Kg8 45. Rb7 d3 46. Ra8# 1-0

[Event "PRO League Group Stage"]
[Site "chess.com INT"]
[Date "2018.01.25"]
[Round "2"]
[White "Olafsson, Helgi"]
[Black "Jones, Gawain C B"]
[Result "0-1"]
[WhiteTitle "GM"]
[BlackTitle "GM"]
[WhiteElo "2508"]
[BlackElo "2640"]
[WhiteTeam "Reykjavik Puffins"]
[BlackTeam "London Towers"]
[WhiteFideId "2300010"]
[BlackFideId "409561"]
[EventDate "2018.01.18"]

1. Nf3 g6 2. d4 Nf6 3. c4 Bg7 4. g3 O-O 5. Bg2 Nc6 6. O-O d6 7. Nc3 Rb8 8. d5
Na5 9. b3 c5 10. dxc6 bxc6 11. Bg5 h6 12. Bf4 e5 13. Bd2 e4 14. Nd4 Re8 15. Na4
Bd7 16. c5 Nd5 17. Bxa5 Qxa5 18. cxd6 e3 19. Rc1 exf2+ 20. Rxf2 Ne3 21. Qd3 Nxg2
22. Kxg2 Qd5+ 23. Nf3 Qxd3 24. exd3 Rbd8 25. Nc5 Bc8 26. d7 Bxd7 27. Nxd7 Rxd7
28. Rxc6 Rxd3 29. Rc7 g5 30. h3 Bf8 31. g4 a5 32. Rc4 Ree3 33. Rc8 Kg7 34. Rc7
Bd6 35. Rd7 Bf4 36. Rxd3 Rxd3 37. Rc2 Kg6 38. Kf2 f6 39. Ke2 Re3+ 40. Kf2 h5 41.
Rc4 Rd3 42. Rd4 Be3+ 43. Ke2 Rxd4 0-1

[Event "PRO League Group Stage"]
[Site "chess.com INT"]
[Date "2018.01.25"]
[Round "2"]
[White "Dominguez Perez, Leinier"]
[Black "Tiglon, Bryce"]
[Result "1/2-1/2"]
[WhiteTitle "GM"]
[BlackTitle "IM"]
[WhiteElo "2739"]
[BlackElo "2385"]
[WhiteTeam "Las Vegas Desert Rats"]
[BlackTeam "Seattle Sluggers"]
[WhiteFideId "3503240"]
[BlackFideId "2087456"]
[EventDate "2018.01.18"]

1. d4 Nf6 2. Nf3 d5 3. e3 g6 4. Be2 Bg7 5. O-O O-O 6. b4 a5 7. b5 Ne4 8. Bb2 c5
9. bxc6 bxc6 10. Nbd2 Nxd2 11. Qxd2 c5 12. c4 cxd4 13. Bxd4 dxc4 14. Rfd1 Nc6
15. Bxg7 Qxd2 16. Nxd2 Kxg7 17. Bf3 Ra6 18. Nxc4 Be6 19. Rac1 Bxc4 20. Rxc4 Ne5
21. Rc5 Nxf3+ 22. gxf3 Ra7 23. a4 Rb8 24. Rd4 Rb4 25. Rdc4 Rab7 26. Kg2 Rxc4 27.
Rxc4 Rb4 28. Rxb4 axb4 29. a5 b3 30. a6 b2 31. a7 b1=Q 32. a8=Q 1/2-1/2

[Event "PRO League Group Stage"]
[Site "chess.com INT"]
[Date "2018.01.25"]
[Round "2"]
[White "Dominguez Perez, Leinier"]
[Black "Margvelashvili, Giorgi"]
[Result "0-1"]
[WhiteTitle "GM"]
[BlackTitle "GM"]
[WhiteElo "2739"]
[BlackElo "2530"]
[WhiteTeam "Las Vegas Desert Rats"]
[BlackTeam "Seattle Sluggers"]
[WhiteFideId "3503240"]
[BlackFideId "13602926"]
[EventDate "2018.01.18"]

1. d4 Nf6 2. Nf3 e6 3. e3 d5 4. Bd3 c5 5. b3 Nc6 6. Bb2 cxd4 7. exd4 g6 8. O-O
Bg7 9. Ba3 a6 10. Re1 b5 11. c3 Bb7 12. Qc1 Rc8 13. Qf4 Ne7 14. Ne5 O-O 15. Bc5
Ne4 16. Bxe4 dxe4 17. Ng4 f5 18. Qd6 Rxc5 19. Qxc5 fxg4 20. Nd2 Rf5 21. Qa3 Nd5
22. Nxe4 b4 23. cxb4 Bxd4 24. Rad1 Qb6 25. Rd2 Nc3 26. Qb2 Bxe4 27. Rxe4 Bxf2+ 0-1

[Event "PRO League Group Stage"]
[Site "chess.com INT"]
[Date "2018.01.25"]
[Round "2"]
[White "Obregon, Andres Carlos"]
[Black "Nagle, Sean"]
[Result "0-1"]
[WhiteTitle "GM"]
[BlackTitle "IM"]
[WhiteElo "2514"]
[BlackElo "2432"]
[WhiteTeam "Buenos Aires Krakens"]
[BlackTeam "Minnesota Blizzard"]
[WhiteFideId "111724"]
[BlackFideId "2013878"]
[EventDate "2018.01.18"]

1. e4 g6 2. d4 Bg7 3. c3 d6 4. Bd3 Nf6 5. f4 O-O 6. Nf3 c5 7. e5 Nfd7 8. Be3
cxd4 9. cxd4 Nc6 10. Nc3 Nb6 11. Be2 Bg4 12. O-O Rc8 13. Rc1 Nb4 14. h3 Be6 15.
Ng5 Bc4 16. b3 N6d5 17. Bd2 Bxe2 18. Qxe2 Nxc3 19. Rxc3 Qb6 20. Rc4 Nc6 21. Be3
d5 22. Rc5 e6 23. Rfc1 Rfe8 24. Qb5 Bf8 25. Qxb6 axb6 26. Rb5 Ba3 27. Rc2 Na7
28. Rxc8 Nxc8 29. Nf3 Re7 30. Kf2 Rc7 31. Ke2 Kf8 32. Ne1 Ke8 33. Kd3 Kd7 34.
Nc2 Rxc2 35. Kxc2 Kc6 36. Kd3 Kxb5 37. g4 Ne7 0-1

[Event "PRO League Group Stage"]
[Site "chess.com INT"]
[Date "2018.01.25"]
[Round "2"]
[White "Obregon, Andres Carlos"]
[Black "Tang, Andrew"]
[Result "0-1"]
[WhiteTitle "GM"]
[BlackTitle "IM"]
[WhiteElo "2514"]
[BlackElo "2513"]
[WhiteTeam "Buenos Aires Krakens"]
[BlackTeam "Minnesota Blizzard"]
[WhiteFideId "111724"]
[BlackFideId "2059630"]
[EventDate "2018.01.18"]

1. e4 e5 2. Nf3 Nc6 3. Bc4 Bc5 4. O-O Nf6 5. d3 a6 6. c3 Ba7 7. Bb3 d6 8. Re1
O-O 9. Nbd2 Ng4 10. Re2 Kh8 11. h3 Nh6 12. Nf1 f5 13. Re1 fxe4 14. dxe4 Qf6 15.
N1h2 Qg6 16. Kf1 Qh5 17. Be3 Bxh3 18. Bxa7 Ng4 19. Kg1 Nxh2 20. Nxh2 Qg6 21. g3
Nxa7 22. Bd5 Nc6 23. Qd2 Rf6 24. Re2 Raf8 25. Kh1 Qh5 26. Kg1 Bc8 27. f3 Ne7 28.
Bb3 Ng6 29. Rf2 Bd7 30. Re1 h6 31. Qe3 Kh7 32. Ref1 Bh3 33. Rd1 Ne7 34. Kh1 g5
35. Bc2 Ng6 36. g4 Qh4 37. Rg1 Nf4 38. Qa7 h5 39. Qe3 hxg4 40. fxg4 Ng2 41. Rxf6
Nxe3 42. Rxf8 Nxc2 43. Rf3 Ne1 44. Rfg3 Kg7 45. b3 Bg2+ 46. R1xg2 Nxg2 47. Kxg2
Qh7 48. Re3 Kf6 49. Nf1 Qd7 50. Rf3+ Kg6 51. Ne3 Qb5 52. c4 Qa5 53. Rf2 Qc3 54.
Nd5 Qd3 55. Ne7+ Kg7 56. Nf5+ Kh7 57. Ng3 Kg6 58. Rf3 Qb1 59. Rf2 a5 60. Kf3 a4
61. bxa4 Qd3+ 62. Kg2 Qxc4 63. a5 Qa4 64. Kh3 Qxa5 65. Nh5 Qc3+ 66. Kh2 Qc4 67.
Rf6+ Kh7 68. Rf5 Qxa2+ 69. Kh3 Qb3+ 70. Kh2 Qc2+ 71. Kh3 Qd3+ 72. Kh2 b5 73.
Rf7+ Kg8 74. Rxc7 Qe2+ 75. Kg3 Qe3+ 76. Kh2 Qf2+ 77. Kh3 b4 78. Rc8+ Kf7 79.
Rc7+ Kf8 80. Ng3 b3 81. Nf5 Qf3+ 82. Kh2 b2 83. Rc8+ Kf7 84. Rc7+ Ke8 85. Rb7
Qf2+ 86. Kh3 Qf1+ 87. Kg3 b1=Q 88. Nxd6+ Kf8 89. Rxb1 Qxb1 0-1

[Event "PRO League Group Stage"]
[Site "chess.com INT"]
[Date "2018.01.25"]
[Round "2"]
[White "Shimanov, Aleksandr"]
[Black "Chen, Forest"]
[Result "1-0"]
[WhiteTitle "GM"]
[WhiteElo "2641"]
[BlackElo "2107"]
[WhiteTeam "Webster Windmills"]
[BlackTeam "Saint Louis Arch Bishops"]
[WhiteFideId "4198603"]
[BlackFideId "30908205"]
[EventDate "2018.01.18"]

1. d4 d5 2. Bg5 c5 3. c3 cxd4 4. cxd4 Nc6 5. Nc3 h6 6. Bh4 Qa5 7. e3 e6 8. a3
Nf6 9. Bxf6 gxf6 10. Bd3 a6 11. Ne2 Bd6 12. O-O Qc7 13. f4 f5 14. Rc1 O-O 15.
Ng3 f6 16. Nh5 Qf7 17. Rf3 Kh8 18. Rh3 Rg8 19. Na4 Bd7 20. Nb6 Raf8 21. Nxf6
Qxf6 22. Nxd7 Qg7 23. Rc2 Qxd7 24. Rxh6+ Kg7 25. Qh5 Rf7 26. Qg6+ Kf8 27. Qxe6
Qxe6 28. Rxe6 Bb8 29. Rc5 Ne7 30. Be2 Rfg7 31. Bf3 Rg6 32. Rxg6 Rxg6 33. Kf2 Rh6
34. h3 Bd6 35. Rc3 Kf7 36. a4 b5 37. axb5 axb5 38. Rc1 Ke6 39. Ra1 Rh8 40. Ra5
b4 41. Ke2 Rc8 42. Kd1 Rh8 43. Kd2 Rc8 44. Rb5 Rh8 45. Kd3 Rc8 46. g4 Rh8 47.
gxf5+ Kxf5 48. Bg4+ Kf6 49. Rb6 Rd8 50. h4 Nf5 51. h5 1-0

[Event "PRO League Group Stage"]
[Site "chess.com INT"]
[Date "2018.01.25"]
[Round "2"]
[White "Shimanov, Aleksandr"]
[Black "Akobian, Varuzhan"]
[Result "1-0"]
[WhiteTitle "GM"]
[BlackTitle "GM"]
[WhiteElo "2641"]
[BlackElo "2647"]
[WhiteTeam "Webster Windmills"]
[BlackTeam "Saint Louis Arch Bishops"]
[WhiteFideId "4198603"]
[BlackFideId "13300580"]
[EventDate "2018.01.18"]

1. Nf3 d5 2. g3 c6 3. c4 Nf6 4. Bg2 dxc4 5. O-O Nbd7 6. Qc2 Nb6 7. Na3 Be6 8.
Ng5 Qd7 9. b3 cxb3 10. axb3 g6 11. Nc4 Nxc4 12. bxc4 Bg7 13. Rb1 O-O 14. Nxe6
Qxe6 15. d4 Qd7 16. Rd1 Rfd8 17. Ba3 Qc7 18. e4 e5 19. dxe5 Qxe5 20. Rxb7 Rxd1+
21. Qxd1 Nxe4 22. Rxa7 Qb8 23. Rd7 Nf6 24. Rd3 Qb6 25. Be7 h5 26. c5 Qb2 27.
Rd8+ Rxd8 28. Qxd8+ Kh7 29. h3 Qc1+ 30. Kh2 Qb2 31. Kg1 Qc1+ 32. Kh2 Qb2 33. Qd6
Qxf2 34. Qxc6 h4 35. Bd6 Nh5 36. gxh4 1-0

[Event "PRO League Group Stage"]
[Site "chess.com INT"]
[Date "2018.01.25"]
[Round "2"]
[White "Checa, Nicolas"]
[Black "Rosenthal, Nicholas"]
[Result "0-1"]
[WhiteTitle "IM"]
[WhiteElo "2486"]
[BlackElo "2169"]
[WhiteTeam "Montclair Sopranos"]
[BlackTeam "Miami Champions"]
[WhiteFideId "2069342"]
[BlackFideId "2045150"]
[EventDate "2018.01.18"]

1. d4 e6 2. Nf3 d5 3. c4 c6 4. Nc3 dxc4 5. a4 Bb4 6. e3 b5 7. Bd2 a5 8. axb5
Bxc3 9. Bxc3 cxb5 10. b3 Bb7 11. bxc4 b4 12. Bb2 Nf6 13. Bd3 O-O 14. O-O Nbd7
15. Nd2 Qc7 16. Bc2 Rfd8 17. f4 Nb6 18. c5 Nbd5 19. Qe1 a4 20. Rxa4 Ng4 21. Rxa8
Rxa8 22. Rf3 Ngxe3 23. Rxe3 Nxe3 24. Qxe3 Ra2 25. Qb3 Qxf4 26. Nf1 Ba6 27. Ng3
Rxb2 28. Bxh7+ Kxh7 29. Qxb2 Qe3+ 30. Qf2 Qc1+ 31. Nf1 Qxf1+ 32. Qxf1 Bxf1 33.
Kxf1 b3 34. c6 b2 35. c7 b1=Q+ 36. Kf2 Qc2+ 0-1